[Event "83rd ESP-ch Women-ch 2018"]
[Site "Linares"]
[Date "2018.08.26"]
[Round "7"]
[White "Domingo Nunez, Ruben"]
[Black "Garza Marco, Sergio"]
[Result "1-0"]
[WhiteElo "2318"]
[BlackElo "2414"]
[Annotator "TA"]
[PlyCount "113"]
[EventDate "2018.08.09"]
[EventType "tourn"]
[EventCountry "ESP"]
[SourceTitle "playchess.com"]
[Source "ChessBase"]
[SourceQuality "1"]

{[%evp 11,113,12,25,0,0,0,0,-5,0,0,-3,-21,0,-56,-54,-60,-56,-66,-62,-64,-39,-31,0,-122,-115,-142,-61,-75,-50,-69,-49,-89,-4,-6,-4,-9,0,-8,39,39,40,7,0,7,141,126,139,139,135,102,245,214,252,253,243,147,344,348,355,335,355,340,332,337,335,328,343,352,397,386,381,365,397,381,451,402,439,440,489,475,518,505,469,467,441,451,556,536,681,650,644,518,758,508,1277,1322,1425,1396,29979,29981,29981,12843,29987,29989]} 1. e4 c6 2. Nc3 d5 3. Nf3 a6 4. d4 Bg4 {[%cal Bc8g4,Bg4h5,Bh5g6,Bg6e4][%mdl 32]} 5. Be2 e6 6. h3 {[%cal Bh2h3,Bh3h4,Bh4h5][%mdl 32] B11: Caro-Kann: Two Knights Variation} Bh5 {LiveBook: 21 Games} 7. g4 $146 ({Predecessor:} 7. O-O Nf6 8. Ne5 Bg6 9. exd5 cxd5 10. Nxg6 hxg6 11. Bd3 {0-1 (22) Zelbel,P (2448)-Wojtaszek,R (2749) Tallinn 2016}) 7... Bg6 $1 8. exd5 {The position is equal.} cxd5 9. h4 Nc6 10. h5 Be4 $1 11. Rh3 h6 12. Be3 (12. Nxe4 $11 dxe4 13. Ne5) 12... Bb4 $15 13. Nd2 Bh7 $1 14. a3 Bd6 15. Nb3 Qc7 16. Qd2 Nge7 17. Nc1 (17. O-O-O $11) 17... Na5 $17 18. Bd3 Nc4 (18... Bxd3 $17 19. Nxd3 Nc4) 19. Bxc4 $1 $15 Qxc4 20. Nd3 Qc7 21. f4 {[%cal Bf2f4,Bf4f5][%mdl 32]} Nc8 (21... Bxd3 $17 22. cxd3 Rc8) 22. f5 $1 $11 Nb6 {[#] White must now prevent ...Nc4.} 23. Bf4 O-O-O 24. Bxd6 Rxd6 25. O-O-O exf5 26. Qg2 Re8 27. g5 Kb8 (27... Rc6 $11 {keeps the balance.}) 28. gxh6 $16 gxh6 29. Qg7 Bg8 30. Rg1 {[%mdl 1024] White has strong compensation.} Nc4 (30... f4 $16 {is a better defense.}) 31. Qh8 $18 Rdd8 32. Rhg3 ({Don't take} 32. Qxh6 $6 Nxa3 33. Qf4 Nb5 $18) 32... Qc8 33. Nf4 Ne3 $2 {[#]} (33... Ka7 $16 34. Qxh6 Ne3) 34. Rxg8 $1 {[%mdl 512]} Rxg8 35. Rxg8 Rxg8 36. Qe5+ Ka7 {Threatens to win with ...Rg1+.} 37. Qxe3 Qc4 38. Qf2 Rd8 39. Kd2 Re8 40. b3 Qc6 41. Ncxd5 Qd6 42. a4 Re4 43. Kc3 Qa3 44. Qf1 Re8 45. Nd3 Rd8 46. Ne3 Rc8+ 47. Kd2 Qd6 48. d5 {[%cal Bd4d5,Bd5d6][%mdl 32]} Qh2+ 49. Qe2 Qh3 50. d6 f4 51. Nxf4 Qh4 52. Nd3 b5 (52... Re8 $142 53. d7 Re6) 53. axb5 Qg5 54. Qf3 axb5 55. Qxf7+ Kb6 56. Qe6 (56. d7 $142 Rd8 57. Qe6+ Kc7 58. Ne5 b4 59. Qc6+ Kb8 60. Nf7 Rxd7+ 61. Qxd7) 56... Rc6 57. Nb4 {Precision: White = 66%, Black = 32%.} 1-0

[Event "83rd ESP-ch Women-ch 2018"]
[Site "Linares"]
[Date "2018.08.26"]
[Round "7"]
[White "Moral Garcia, Serafin"]
[Black "Kolotilina, Liudmila"]
[Result "0-1"]
[WhiteElo "2287"]
[BlackElo "2216"]
[Annotator "NA"]
[PlyCount "104"]
[EventDate "2018.08.09"]
[EventType "tourn"]
[EventCountry "ESP"]
[SourceTitle "playchess.com"]
[Source "ChessBase"]
[SourceQuality "1"]
[TimeControl "40/5400+30:1800+30"]

1. e4 {[%emt 0:00:00]} c5 {[%emt 0:00:00]} 2. Nf3 {[%emt 0:00:08]} Nf6 {[%emt 0:00:00]} 3. Nc3 {[%emt 0:00:58]} d5 {[%emt 0:00:08]} 4. exd5 {[%emt 0:00:57]} Nxd5 {[%emt 0:00:05]} 5. Bb5+ {[%emt 0:02:25]} Bd7 {[%emt 0:00:16]} 6. Ne5 {[%emt 0:04:15]} Nf6 {[%emt 0:00:25] B29: Sicilian: 2 Nf3 Nf6 (Nimzowitsch Variation)} (6... Bxb5 7. Qf3 f6 8. Nxb5 Na6 9. Qh5+ g6 10. Nxg6 hxg6 11. Qxh8 Qd7 12. Nc3 Nab4 13. O-O Nxc2 14. Rb1 {½-½ (54) Caruana,F (2816)-Mamedyarov,S (2808) Leuven 2018}) 7. Bc4 {[%emt 0:10:48]} e6 {[%emt 0:00:29]} 8. O-O {[%emt 0:01:09]} Nc6 {[%emt 0:02:27]} 9. Nxc6 {[%emt 0:02:52]} Bxc6 {[%emt 0:01:08]} 10. d3 {[%emt 0:00:35]} Bd6 $146 {[%emt 0:08:12]} ({Predecessor:} 10... Be7 11. Bf4 O-O 12. Bb5 Nd5 13. Bxc6 Nxc3 14. bxc3 bxc6 {½-½ (55) Deysenroth,P (1009)-Weiss,M (1448) Dortmund 2007}) 11. Qe2 {[%emt 0:03:46]} Qc7 {[%emt 0:02:01]} 12. h3 {[%emt 0:01:46]} a6 {[%emt 0:03:27]} 13. a4 {[%emt 0:01:05]} O-O-O {[%emt 0:02:12]} 14. Ne4 {[%emt 0:04:45]} Be7 {[%emt 0:12:57]} 15. Ng5 {[%emt 0:02:49]} Be8 {[%emt 0:02:55]} 16. Nf3 {[%emt 0:06:08]} Nd5 {[%emt 0:08:20]} 17. Bg5 {[%emt 0:07:46]} Kb8 {[%emt 0:00:14]} 18. Bxe7 {[%emt 0:00:22]} Nxe7 {[%emt 0:00:20]} 19. Qe5 {[%emt 0:02:12]} Qxe5 {[%emt 0:05:03]} 20. Nxe5 {[%emt 0:00:17]} f6 {[%emt 0:00:56]} 21. Ng4 {[%emt 0:00:49]} e5 {[%emt 0:00:49]} 22. f4 {[%emt 0:02:02]} (22. Ne3 $11) 22... exf4 {[%emt 0:02:33]} 23. Rxf4 {[%emt 0:00:07]} Nc6 {[%emt 0:11:42]} 24. Ne3 {[%emt 0:01:34]} Nd4 {[%emt 0:01:40]} 25. Rf2 {[%emt 0:01:39]} Bg6 {[%emt 0:00:35]} 26. Rd2 {[%emt 0:04:59]} Rhe8 {[%emt 0:03:24]} 27. Kf2 {[%emt 0:00:31]} Re5 {[%emt 0:01:18]} 28. c3 {[%emt 0:05:17]} Nc6 {[%emt 0:02:38]} 29. a5 {[%emt 0:01:06]} (29. Rad1 $11) 29... Bh5 {[%emt 0:04:00]} 30. Nc2 {[%emt 0:05:04]} Re7 {[%emt 0:09:31]} 31. d4 {[%emt 0:03:16]} cxd4 {[%emt 0:01:50]} 32. Nxd4 {[%emt 0:00:26]} Nxd4 {[%emt 0:00:15]} 33. Rxd4 {[%emt 0:02:55]} Rxd4 {[%emt 0:00:07]} 34. cxd4 {[%emt 0:00:00]} Re4 {[%emt 0:00:59]} 35. Re1 {[%emt 0:01:12]} Rxd4 {[%emt 0:00:42]} 36. Bg8 {[%emt 0:00:02]} Rd2+ {[%emt 0:02:23]} 37. Kg3 {[%emt 0:01:49]} Rxb2 {[%emt 0:00:27]} 38. Re7 {[%emt 0:00:15]} Rb5 {[%emt 0:00:52]} 39. Bxh7 {[%emt 0:01:14]} Rxa5 {[%emt 0:03:20]} 40. Be4 {[%emt 0:01:51]} Rb5 {[%emt 0:01:40]} 41. Kh4 {[%emt 0:31:12]} Bd1 $19 {[%emt 0:31:21]} 42. Rxg7 {[%emt 0:00:27]} Rb4 {[%emt 0:00:56]} 43. g4 Rxe4 {[%emt 0:00:07]} 44. Rf7 {[%emt 0:01:05]} Re6 {[%emt 0:00:10]} 45. Kg3 {[%emt 0:00:17]} a5 {[%emt 0:00:45]} 46. h4 {[%emt 0:00:07]} a4 {[%emt 0:00:21]} 47. Rd7 {[%emt 0:00:17]} Bc2 {[%emt 0:00:11]} 48. Rd2 {[%emt 0:00:08]} Rc6 {[%emt 0:00:15]} 49. Rd8+ {[%emt 0:00:20]} Ka7 {[%emt 0:00:10]} 50. Rd5 {[%emt 0:00:17]} a3 {[%emt 0:00:22]} 51. Ra5+ {[%emt 0:00:07]} Ra6 {[%emt 0:00:01]} 52. Rc5 {[%emt 0:00:04]} Bb1 {[%emt 0:00:26]} 0-1

[Event "83rd ESP-ch Women-ch 2018"]
[Site "Linares"]
[Date "2018.08.26"]
[Round "7"]
[White "Tudela Corbalan, Carlos"]
[Black "Vega Gutierrez, Sabrina Neide"]
[Result "0-1"]
[WhiteElo "2246"]
[BlackElo "2390"]
[Annotator "NA"]
[PlyCount "40"]
[EventDate "2018.08.09"]
[EventType "tourn"]
[EventCountry "ESP"]
[SourceTitle "playchess.com"]
[Source "ChessBase"]
[SourceQuality "1"]
[TimeControl "40/5400+30:1800+30"]

1. c4 {[%emt 0:00:00]} e5 {[%emt 0:00:00]} 2. Nc3 {[%emt 0:00:33]} Nf6 {[%emt 0:00:00]} 3. e3 {[%emt 0:04:40]} Nc6 {[%emt 0:10:30]} 4. Nf3 {[%emt 0:05:46]} Bb4 {[%emt 0:02:13]} 5. d4 {[%emt 0:09:48]} e4 {[%emt 0:08:02]} 6. Nd2 {[%emt 0:01:11]} Bxc3 {[%emt 0:00:14]} 7. bxc3 {[%emt 0:00:21]} d6 {[%emt 0:00:21]} 8. Be2 {[%emt 0:01:02]} O-O {[%emt 0:01:41]} 9. O-O {[%emt 0:00:14]} Re8 {[%emt 0:01:50]} 10. Nb3 {[%emt 0:02:19] A28: English Opening: Four Knights Variation} Ne7 {[%emt 0:02:53]} 11. c5 {[%emt 0:01:18]} d5 {[%emt 0:01:06]} 12. c4 {[%emt 0:01:18]} Nf5 $146 {[%emt 0:10:33]} ({Predecessor:} 12... Be6 13. Na5 b6 14. cxb6 axb6 15. cxd5 Nfxd5 16. Nc4 Nc3 17. Qc2 Nxe2+ 18. Qxe2 {0-1 (29) Avelar,W-Geenen,M (2325) Thessaloniki 1988}) 13. Bd2 {[%emt 0:03:45]} Nh4 {[%emt 0:07:39]} 14. Rb1 {[%emt 0:03:48]} dxc4 {[%emt 0:03:36]} 15. Na5 {[%emt 0:03:12]} Qd5 {[%emt 0:08:33]} 16. Kh1 {[%emt 0:04:10]} Qg5 {[%emt 0:09:02]} 17. Rg1 {[%emt 0:14:20]} Ng4 {[%emt 0:00:38]} 18. Be1 {[%emt 0:18:27]} Nxh2 {[%emt 0:03:50]} 19. f4 {[%emt 0:13:30]} Qh6 {[%emt 0:00:36]} 20. g4 {[%emt 0:05:32]} Nxg4 {[%emt 0:04:51]} 0-1

[Event "83rd ESP-ch Women-ch 2018"]
[Site "Linares"]
[Date "2018.08.26"]
[Round "7"]
[White "Silva Rodriguez, Fernando"]
[Black "Lopez Varela, Pablo"]
[Result "1/2-1/2"]
[WhiteElo "2239"]
[BlackElo "2100"]
[Annotator "NA"]
[PlyCount "67"]
[EventDate "2018.08.09"]
[EventType "tourn"]
[EventCountry "ESP"]
[SourceTitle "playchess.com"]
[Source "ChessBase"]
[SourceQuality "1"]
[TimeControl "40/5400+30:1800+30"]

1. e4 {[%emt 0:00:00]} d6 {[%emt 0:00:00]} 2. d4 {[%emt 0:00:00]} Nf6 {[%emt 0:00:00]} 3. Nc3 {[%emt 0:00:00]} Nbd7 {[%emt 0:00:00]} 4. Nf3 {[%emt 0:00:07]} e5 {[%emt 0:00:00]} 5. Bc4 {[%emt 0:00:11]} Be7 {[%emt 0:00:00]} 6. O-O {[%emt 0:00:28]} O-O {[%emt 0:00:03]} 7. a4 {[%emt 0:00:20]} c6 {[%emt 0:00:16]} 8. h3 {[%emt 0:00:12]} h6 {[%emt 0:00:10]} 9. Re1 {[%emt 0:01:33]} Qc7 {[%emt 0:00:11]} 10. Ba2 {[%emt 0:05:28] C41: Philidor Defence} Re8 {[%emt 0:02:02]} 11. Be3 {[%emt 0:02:51]} Nf8 {[%emt 0:02:06]} 12. a5 {[%emt 0:25:26]} (12. Qd2 Be6 13. d5 Bd7 14. Rad1 c5 15. Nxe5 dxe5 16. d6 Bxd6 17. Qxd6 Qxd6 18. Rxd6 Be6 19. Bxc5 Bxa2 20. Nxa2 {0-1 (72) Sanal,V (2551)-Fedoseev,V (2718) Riadh 2017}) 12... Be6 {[%emt 0:16:05]} 13. d5 {[%emt 0:06:57]} Bd7 $146 {[%emt 0:00:29]} ({Predecessor:} 13... cxd5 14. exd5 Bd7 15. Bb3 Ng6 16. Qe2 Nh7 17. Nb5 {1-0 (54) Vega Gutierrez,B (2255)-Cruz Gomez,I (1973) Las Palmas 2011}) 14. Qd3 {[%emt 0:10:19]} c5 {[%emt 0:04:50]} 15. Bc4 {[%emt 0:01:10]} Ng6 {[%emt 0:03:28]} 16. Reb1 {[%emt 0:03:20]} Nh5 {[%emt 0:07:03]} 17. Ne2 {[%emt 0:03:14]} f5 {[%emt 0:22:50]} (17... Qc8 $11 {bleibt in der Remisbreite.}) 18. exf5 {[%emt 0:02:56]} Bf6 {[%emt 0:00:21]} 19. Nd2 {[%emt 0:08:32]} e4 {[%emt 0:00:11]} 20. Nxe4 {[%emt 0:00:28]} Ne5 {[%emt 0:00:09]} 21. Nxf6+ {[%emt 0:01:52]} Nxf6 {[%emt 0:00:03]} 22. Qb3 {[%emt 0:00:56]} Bxf5 {[%emt 0:03:31]} 23. Ng3 {[%emt 0:00:30]} Bg6 {[%emt 0:00:34]} 24. Re1 {[%emt 0:02:10]} Nxc4 {[%emt 0:01:50]} 25. Qxc4 {[%emt 0:00:51]} Bf7 {[%emt 0:00:14]} (25... Qf7 $14) 26. Bd2 {[%emt 0:07:39]} (26. Qh4 $16) 26... Nxd5 {[%emt 0:04:44]} 27. Qg4 {[%emt 0:00:16]} Nf6 {[%emt 0:00:41]} 28. Qh4 {[%emt 0:00:22]} Rxe1+ $11 {[%emt 0:08:51]} 29. Rxe1 {[%emt 0:00:06]} Re8 {[%emt 0:00:02]} 30. Rxe8+ {[%emt 0:02:25]} Nxe8 {[%emt 0:02:15]} 31. c4 {[%emt 0:01:21]} Qd7 {[%emt 0:01:46]} 32. b3 {[%emt 0:02:52]} Qe6 {[%emt 0:05:04]} 33. Qf4 {[%emt 0:01:45]} Bg6 {[%emt 0:02:41]} 34. Qf3 {[%emt 0:00:21]} 1/2-1/2

[Event "83rd ESP-ch Women-ch 2018"]
[Site "Linares"]
[Date "2018.08.26"]
[Round "7"]
[White "Alvarez Serrano, Carlos"]
[Black "Vergara Anton, Diego"]
[Result "0-1"]
[WhiteElo "2225"]
[BlackElo "2022"]
[Annotator "NA"]
[PlyCount "140"]
[EventDate "2018.08.09"]
[EventType "tourn"]
[EventCountry "ESP"]
[SourceTitle "playchess.com"]
[Source "ChessBase"]
[SourceQuality "1"]
[TimeControl "40/5400+30:1800+30"]

1. d4 {[%emt 0:00:00]} d5 {[%emt 0:00:00]} 2. c4 {[%emt 0:00:26]} e6 {[%emt 0:00:06]} 3. Nf3 {[%emt 0:00:32]} Nf6 {[%emt 0:00:08]} 4. Nc3 {[%emt 0:00:08]} Be7 {[%emt 0:01:01]} 5. cxd5 {[%emt 0:01:10]} exd5 {[%emt 0:00:23]} 6. Bg5 {[%emt 0:01:23]} O-O {[%emt 0:01:18]} 7. Qc2 {[%emt 0:00:06]} c6 {[%emt 0:00:33]} 8. e3 {[%emt 0:00:05]} Nbd7 {[%emt 0:01:28]} 9. Bd3 {[%emt 0:00:11]} h6 {[%emt 0:00:17]} 10. Bh4 {[%emt 0:02:19]} Ne8 {[%emt 0:04:47]} 11. Bg3 {[%emt 0:01:28] D36: Queen's Gambit Declined: Exchange Variation: Main line (5 Bg5 c6 6 Qc2)} Nb6 {[%emt 0:05:07]} (11... Bd6 12. O-O-O Ndf6 13. Ne5 Be6 14. f4 Rc8 15. Kb1 c5 16. dxc5 Bxc5 17. f5 Bd7 18. Nxd7 Qxd7 {1-0 (53) Panjwani,R (2459)-Song,E (2352) Budapest 2018}) 12. O-O {[%emt 0:00:37]} a5 $146 {[%emt 0:01:34]} ({Predecessor:} 12... Nd6 13. Ne5 Nbc4 14. e4 Nxe5 15. dxe5 Nxe4 16. Nxe4 dxe4 17. Bxe4 {1-0 (58) Gouloutis,N (2068)-Stamoulas,N (1912) Thessaloniki 2014}) 13. Ne5 {[%emt 0:04:21]} Nd6 {[%emt 0:02:49]} 14. b3 {[%emt 0:00:27]} Bd7 {[%emt 0:09:25]} 15. a3 {[%emt 0:05:01]} Qc8 {[%emt 0:07:09]} 16. f3 {[%emt 0:00:18]} Bf5 {[%emt 0:13:10]} 17. e4 {[%emt 0:00:44]} dxe4 {[%emt 0:03:49]} 18. fxe4 {[%emt 0:00:21]} Bh7 {[%emt 0:00:17]} 19. Nc4 {[%emt 0:02:35]} Ndxc4 {[%emt 0:06:28]} 20. bxc4 {[%emt 0:00:47]} Qd7 {[%emt 0:04:46]} 21. Bf2 {[%emt 0:00:50]} Rad8 {[%emt 0:04:08]} 22. d5 {[%emt 0:00:58]} Nc8 {[%emt 0:00:37]} 23. e5 {[%emt 0:00:41]} Bxd3 {[%emt 0:01:54]} 24. Qxd3 {[%emt 0:00:02]} cxd5 {[%emt 0:04:18]} 25. cxd5 {[%emt 0:00:53]} f6 {[%emt 0:00:15]} 26. Qc4 {[%emt 0:00:16]} Kh8 {[%emt 0:04:12]} (26... b5 $16 {was necessary.} 27. Qa2 (27. Qxb5 Qxb5 28. Nxb5 Rxd5 $11) 27... Kh8) 27. d6 {[%emt 0:00:35]} Nxd6 {[%emt 0:00:18]} 28. exd6 {[%emt 0:00:07]} Bxd6 {[%emt 0:00:07]} 29. Rad1 {[%emt 0:01:08]} Qe8 {[%emt 0:03:48]} 30. Rfe1 {[%emt 0:08:03]} Qh5 {[%emt 0:00:46]} 31. Rxd6 {[%emt 0:00:16]} Rxd6 {[%emt 0:00:13]} 32. Qc5 {[%emt 0:00:02]} Qxc5 {[%emt 0:04:36]} 33. Bxc5 {[%emt 0:00:02]} Rfd8 {[%emt 0:01:40]} 34. Bxd6 {[%emt 0:00:06]} Rxd6 {[%emt 0:00:33]} 35. Nb5 {[%emt 0:00:10]} Rd3 {[%emt 0:00:32]} 36. Re7 {[%emt 0:00:11]} b6 {[%emt 0:01:26]} 37. Re6 {[%emt 0:00:24]} Rd1+ {[%emt 0:00:26]} 38. Kf2 {[%emt 0:00:07]} Rd2+ {[%emt 0:00:10]} 39. Kf3 {[%emt 0:00:38]} Rd3+ {[%emt 0:00:17]} 40. Kg4 {[%emt 0:00:36]} h5+ {[%emt 0:00:41]} 41. Kh4 {[%emt 0:30:46]} Kh7 {[%emt 0:33:14]} 42. Rxb6 {[%emt 0:00:06]} Kh6 {[%emt 0:00:21]} 43. g3 {[%emt 0:00:01]} g5+ {[%emt 0:02:12]} 44. Kh3 {[%emt 0:00:02]} Kg6 {[%emt 0:00:48]} 45. Kg2 {[%emt 0:03:05]} Rd2+ {[%emt 0:00:09]} 46. Kg1 {[%emt 0:01:32]} Rd1+ {[%emt 0:00:07]} 47. Kg2 {[%emt 0:00:10]} Rd2+ {[%emt 0:00:05]} 48. Kf1 {[%emt 0:00:04]} Rxh2 {[%emt 0:00:29]} 49. Nd6 {[%emt 0:01:36]} Ra2 {[%emt 0:02:00]} 50. Rb3 {[%emt 0:00:22]} a4 {[%emt 0:01:10]} 51. Re3 {[%emt 0:00:49]} f5 {[%emt 0:00:46]} 52. Re6+ {[%emt 0:00:11]} Kh7 {[%emt 0:00:02]} 53. Nxf5 {[%emt 0:00:35]} Rxa3 {[%emt 0:00:12]} 54. Rh6+ {[%emt 0:00:05]} (54. Ke2 $14) 54... Kg8 {[%emt 0:00:18]} 55. Rxh5 {[%emt 0:00:01]} Rf3+ {[%emt 0:00:10]} 56. Ke2 {[%emt 0:01:17]} Rxf5 {[%emt 0:00:05]} 57. Kd2 {[%emt 0:00:46]} Kg7 {[%emt 0:00:26]} 58. g4 {[%emt 0:00:56]} Ra5 {[%emt 0:00:35]} 59. Kc2 {[%emt 0:00:13]} a3 {[%emt 0:00:58]} 60. Kb1 {[%emt 0:00:12]} a2+ {[%emt 0:00:34]} 61. Ka1 {[%emt 0:00:01]} Kf6 {[%emt 0:00:14]} 62. Rh2 {[%emt 0:00:31]} Ke5 {[%emt 0:00:29]} (62... Ra4 $142 63. Rf2+ Ke6 64. Re2+ Kd5) 63. Rf2 {[%emt 0:00:10]} Ke4 {[%emt 0:00:08]} 64. Rf8 {[%emt 0:00:41]} Kd4 {[%emt 0:01:14]} 65. Rf7 {[%emt 0:05:02]} Re5 {[%emt 0:02:07]} 66. Rf3 {[%emt 0:02:59]} Re4 {[%emt 0:01:15]} 67. Rg3 {[%emt 0:00:10]} Ke5 $19 {[%emt 0:00:22]} 68. Kxa2 {[%emt 0:00:59]} Kf4 {[%emt 0:00:07]} 69. Rg1 {[%emt 0:00:32]} Kf3 {[%emt 0:00:10]} 70. Kb1 {[%emt 0:00:21]} Kf2 {[%emt 0:01:38]} 0-1

[Event "83rd ESP-ch Women-ch 2018"]
[Site "Linares"]
[Date "2018.08.26"]
[Round "7"]
[White "Diaz Castro, Ismael"]
[Black "Perez Beltran, Salvador"]
[Result "1-0"]
[WhiteElo "2212"]
[BlackElo "2018"]
[Annotator "TA"]
[PlyCount "117"]
[EventDate "2018.08.09"]
[EventType "tourn"]
[EventCountry "ESP"]
[SourceTitle "playchess.com"]
[Source "ChessBase"]
[SourceQuality "1"]

{[%evp 18,117,27,21,43,13,71,-14,25,-6,0,-9,12,7,27,15,36,26,11,0,0,0,-10,-10,0,2,193,204,192,189,202,202,198,193,194,188,195,195,189,187,208,166,316,333,399,391,388,385,364,329,387,369,362,316,570,481,12238,706,6411,706,710,665,764,743,722,630,2811,9183,12834,6721,1000,1067,1774,1785,1759,1743,1760,1626,1711,1613,1405,0,1286,1185,2115,2947,4802,2205,12846,12842,12845,12842,12846,12843,12844,12844,12847,12847,12848,12847,12848,12848]} 1. e4 c5 2. Nf3 e6 3. d4 cxd4 4. Nxd4 Nc6 5. Nc3 Qc7 6. Qd3 {B47: Sicilian: Taimanov: 5 Nc3 Qc7 6 f4, 6 g3 and 6 Be2} a6 7. Nxc6 bxc6 8. Qg3 Qxg3 9. hxg3 d5 10. Na4 {LiveBook: 16 Games} Rb8 11. Be3 $146 ({Predecessor:} 11. exd5 cxd5 12. Bf4 Rb4 13. b3 e5 {½-½ (78) Dragun,K (2610)-Chirila,I (2557) chess.com INT 2018}) 11... e5 (11... Nf6 $11 {remains equal.}) 12. Bc5 ({Better is} 12. O-O-O $16) 12... Nf6 13. Bxf8 Kxf8 14. f3 g6 15. O-O-O Kg7 16. Nc5 a5 17. Be2 d4 18. g4 Nd7 19. Nxd7 Bxd7 20. Bc4 Rb4 21. b3 {And now c3! would win.} f6 $2 {[#]} (21... c5 $11 {and Black has nothing to worry.}) 22. c3 $1 $18 {[%cal Rc3b4][%mdl 512]} Rb7 (22... dxc3 23. Rxd7+) 23. cxd4 a4 24. dxe5 fxe5 25. Rd6 axb3 26. Bxb3 Rhb8 27. Rhd1 Be8 28. g5 c5 29. Rd8 Rxd8 (29... c4 $142) 30. Rxd8 Bf7 31. Bxf7 Kxf7 {[%mdl 4096] Endgame KR-KR} 32. Rd5 Ra7 33. Kb2 ({Less strong is} 33. Rxe5 Rxa2 34. Rxc5 Rxg2 $16) 33... Rb7+ 34. Ka1 c4 35. Rc5 Rd7 $2 (35... Rb4 36. Rxe5 Kf8) 36. a4 {[%cal Ba2a4,Ba4a5][%mdl 32]} Rd4 (36... Ke6 $142 37. Rxc4 Rd3) 37. Kb1 (37. Rd5 $142 Rd3 38. Rxd3 cxd3 39. Kb2) 37... Ke6 {[#]} 38. Kc2 (38. Rd5 $142 $1 {[%mdl 512]} Rxd5 39. exd5+ Kd6 40. a5 Kxd5 41. a6) 38... c3 39. a5 Rd2+ 40. Kxc3 Rxg2 41. Kb3 Rg3 42. Rc3 (42. a6 $142 Rxf3+ 43. Kb4) 42... Rg1 43. Kb4 Ra1 44. Kb5 Kd6 45. Kb6 Rb1+ 46. Ka7 Rb5 47. a6 Kd7 48. Ka8 Rb6 49. Ka7 Rb5 $1 50. Rc1 {White is clearly winning.} Rb3 51. Rh1 Rxf3 52. Rxh7+ (52. Kb6 $142 Rb3+ 53. Kc5 Rc3+ 54. Kb4) 52... Kc8 53. Rg7 Re3 54. Rxg6 Rxe4 55. Rc6+ Kd7 56. Kb7 Rg4 57. a7 Ra4 58. Ra6 Rb4+ 59. Rb6 {Precision: White = 55%, Black = 17%.} 1-0

[Event "83rd ESP-ch Women-ch 2018"]
[Site "Linares"]
[Date "2018.08.26"]
[Round "7"]
[White "Porta Tovar, Guillem"]
[Black "Ramos Saavedra, Mario"]
[Result "0-1"]
[WhiteElo "2166"]
[BlackElo "1981"]
[Annotator "TA"]
[PlyCount "114"]
[EventDate "2018.08.09"]
[EventType "tourn"]
[EventCountry "ESP"]
[SourceTitle "playchess.com"]
[Source "ChessBase"]
[SourceQuality "1"]

{[%evp 21,114,15,16,-46,63,0,83,0,122,131,104,-20,0,-32,124,110,102,-59,-61,-60,0,0,8,5,5,-11,-11,-11,-21,-32,-15,-57,-14,-58,-50,-51,-18,-52,0,-45,-18,-58,-16,-17,0,0,0,0,0,-22,0,-15,0,-18,-8,-16,-7,-8,-8,-8,-8,-11,-11,-21,-21,-69,-69,-69,-8,-69,-70,-171,-167,-171,-93,-93,-67,-163,-171,-972,-789,-460,-494,-588,-580,-29949,-29955,-8498,-6416,-29977,-29978,-29977,-29977,-29974,-29974]} 1. e4 c5 2. Nf3 d6 3. d4 cxd4 4. Nxd4 Nf6 5. Nc3 g6 6. Bc4 Bg7 7. Be3 Nc6 8. f3 Bd7 9. Qd2 O-O 10. Bb3 Rc8 11. h4 h5 $1 {LiveBook: 358 Partien} 12. g4 {B77: Sizilianisch (Moderne Drachen-Variante)} (12. O-O-O $11) (12. O-O-O Ne5 13. Bg5 Rc5 14. Kb1 Re8 15. g4 hxg4 16. f4 Nc4 17. Qd3 Na5 18. Bxf6 exf6 19. Bd5 Nc6 20. Nxc6 bxc6 21. Bxf7+ Kxf7 22. Qxd6 Rxc3 23. Qxd7+ Qxd7 24. Rxd7+ {½-½ (47) Vachier Lagrave,M (2789)-Nakamura,H (2781) London 2017}) 12... Ne5 (12... hxg4 $15 13. Nxc6 bxc6 14. fxg4 Bxg4) 13. Bh6 (13. g5 $14 Ne8 14. O-O-O) 13... Qa5 (13... Bxh6 $11 {hält das Gleichgewicht.} 14. Qxh6 e6) 14. O-O-O (14. Bxg7 $16 Kxg7 15. g5) 14... Nc4 (14... Bxh6 $11 {bleibt in der Remisbreite.} 15. Qxh6 Rxc3 16. bxc3 Qxc3) 15. Bxc4 $1 $16 Rxc4 16. Nf5 $146 (16. Bxg7 $16 Kxg7 17. Nb3) ({Vorgänger:} 16. Bxg7 Kxg7 17. Nb3 Qb4 18. e5 dxe5 19. g5 Bf5 20. gxf6+ exf6 21. Qd6 Rxh4 22. Qxb4 Rxb4 23. Nd5 Ra4 24. Ne3 Be6 {1-0 (49) Prince,B (2169)-Bulduk,I (1862) Kocaeli 2011}) 16... Bxf5 17. gxf5 b5 $2 (17... Bxh6 $15 {behält die Oberhand.} 18. Qxh6 Rxc3 19. bxc3 Qxc3 20. fxg6 Rc8) 18. Bxg7 Kxg7 {[#]} 19. fxg6 $2 (19. Kb1 $1 $16) 19... b4 $1 $15 {[%cal Rb4c3]} 20. Qg5 Qxg5+ (20... Rc5 $15 21. Nd5 Qxa2) 21. hxg5 $11 bxc3 22. gxf6+ Kxf6 {Und weiter mit ...cxb2+ wäre nett.} 23. gxf7 cxb2+ 24. Kxb2 $15 {[%mdl 4096] Endspiel KTT-KTT} Rc5 25. Rd3 Kxf7 26. Rb3 a5 27. Rb7 Ke6 28. Rh3 Rfc8 29. Rh2 Rf8 (29... Rh8 $15) 30. Rb3 Rh8 31. Kc1 Ke5 {Schwarz will ...Kf4 spielen.} 32. Rh4 Kd4 33. Kd2 Rg5 34. Rd3+ Kc5 35. Kc3 e6 36. a4 Rg1 37. Rd4 Rg3 38. Rd3 Rg7 39. Kd2 Rg2+ 40. Kc1 Rg5 41. Rb3 Kc6 42. Kb2 (42. Kd1 {looks sharper.} Rc5 43. Kd2 Rg8 44. Rc3 Rg2+ 45. Kd3) 42... Rc5 43. Rc3 Rxc3 44. Kxc3 {KT-KT} Kc5 (44... e5 $1 $15) 45. Kd3 ({Lieber} 45. f4 $1 $11) 45... e5 $1 46. c3 {[#]} (46. Kc3 $15) 46... Rh7 $1 $19 47. c4 Kb4 (47... Rh8 $19 48. f4 exf4 49. Rxf4 h4 50. Rf5+ Kc6) 48. f4 $17 exf4 {Weiss muss nun ...f3 beachten.} 49. Rxf4 (49. Kd4 $1 $15) 49... h4 $19 {[%cal Bh5h4,Bh4h3,Bh3h2][%mdl 32] Und ...h3 würde nun gewinnen.} ({Schwächer ist} 49... Kxa4 50. Kc3 $11) 50. Rf1 $2 (50. Rf2) 50... h3 51. Kd4 h2 52. Rh1 {beabsichtigt Kd5.} Rh5 53. Rb1+ Kxa4 54. Rh1 Kb3 55. e5 dxe5+ {[%cal Bd6e5,Be5e4,Be4e3][%mdl 32] Schwarz setzt Matt.} 56. Kd5 {[#]} e4+ $1 57. Kd4 {[#]} (57. Kxe4 a4) 57... e3 $1 {Precision: Weiß = 26%, Schwarz = 34%.} 0-1